El mar en el cine /
Obra que reúne las principales películas que han tenido como argumento el mar, y que van desde el filme El mar, de Louis Lumière, en 1895 hasta La llave, de Carol Reed, en 1958. De cada película el autor presenta un breve comentario.
Guardat en:
| Autor principal: | |
|---|---|
| Format: | Llibre |
| Idioma: | espanyol |
| Matèries: | |
| Etiquetes: |
Sense etiquetes, Sigues el primer a etiquetar aquest registre!
|
MARC
| LEADER | 00000nam^a2200000^a^4500 | ||
|---|---|---|---|
| 001 | 000327155 | ||
| 005 | 20250521000000.0 | ||
| 009 | 20260526140540.449 | ||
| 037 | |a Acervo Xavier Clavigero | ||
| 041 | |a ESP | ||
| 082 | |a 302. 235313 |b BER | ||
| 100 | |a Bergier, Enrique |e (autor) | ||
| 245 | 1 | 3 | |a El mar en el cine / |c E. Bergier. |
| 264 | |a Madrid, España : |b Oficina Central Marítima, |c 1960 | ||
| 300 | |a 117 p. | ||
| 336 | |a texto |b txt |2 rdacontenido | ||
| 337 | |a sin mediación |b n |2 rdamedio | ||
| 338 | |a volumen |b nc |2 rdasoporte | ||
| 520 | |a Obra que reúne las principales películas que han tenido como argumento el mar, y que van desde el filme El mar, de Louis Lumière, en 1895 hasta La llave, de Carol Reed, en 1958. De cada película el autor presenta un breve comentario. | ||
| 649 | |a XX | ||
| 650 | |a Mar en el Cine - |x Tema Principal | ||
| 650 | |a Cine - |x Historia y Crítica | ||
| 650 | |a Cine - |x Filmografías | ||
| 910 | |a Fondo General | ||
| 920 | |a Impresos - Libros | ||
| 930 | |a Colección General | ||
| 905 | |a 101 | ||
| 901 | |a 0500216228 |b IT1 |c ACC |u 20250521 | ||
| 902 | |a https://opac.biblio.iteso.mx/vufind/Record/000327155 | ||